000 00444nam a22001571a 4500
082 _aH 934.02
_bUDA/P
100 _aUdaysankar Panday
_9110417
245 _aPracheen Bharat kee rajyavyavasta:
_bvaidic evam smrithikaleen/
_cby
260 _aDelhi:
_bNag,
_c1998.
300 _a419p.
500 _aPandey Udaysankar
650 _aVedic Period Ancient India
_9110418
650 _aHistory India
_9110419
650 _aHistory
_9110420
942 _cBK
999 _c35334
_d35334